Click the Arctic Circle Countries Quiz Stats

 Plays Quiz Updated Dec 26, 2018

Support Sporcle.
Go Orange.
Score 0/8 Timer 01:00
3 Plays Today
% Correct
Russia
95%
Canada
93.7%
United States
87.2%
Norway
86.5%
Denmark
85.8%
Finland
83.2%
Sweden
81.9%
Iceland
79.5%

From the Vault

Geography 'K' Blitz

by nspyred

If you can spell Kyrgyzstan, you're off to a good start here.
Remove Ads.
Support Sporcle.
Get the best of Sporcle when you Go Orange. This ad-free experience offers more features, more stats, and more fun while also helping to support Sporcle. Thank you for becoming a member.

Show Comments

Extras

Top Quizzes Today


Score Distribution

Your Account Isn't Verified!

In order to create a playlist on Sporcle, you need to verify the email address you used during registration. Go to your Sporcle Settings to finish the process.

Report this User

Report this user for behavior that violates our Community Guidelines.

Details: